Délmagyarország. - 1939. augusztus 13., Vasárnap
Elmentve itt :
| Dokumentumtípus: | Újság |
|---|---|
| Megjelent: |
1939-08-13
|
| Sorozat: | Délmagyarország
15 No. 184 |
| Online Access: | http://dmarchiv.bibl.u-szeged.hu/8920 |
| LEADER | 00491nas a2200145 i 4500 | ||
|---|---|---|---|
| 001 | delm8920 | ||
| 005 | 20200414152815.0 | ||
| 008 | 171214s1939 hu n o 0|| hun d | ||
| 022 | |a 0133-025X | ||
| 040 | |a SZTE Délmagyarország Archívum |b hun | ||
| 041 | |a hun | ||
| 245 | 0 | 0 | |a Délmagyarország. - 1939. augusztus 13., Vasárnap |h [elektronikus dokumentum] |
| 260 | |c 1939-08-13 | ||
| 490 | 0 | |a Délmagyarország |v 15 No. 184 | |
| 856 | 4 | 0 | |u http://dmarchiv.bibl.u-szeged.hu/8920/1/dm_1939_184.pdf |z Dokumentum-elérés |